1534 1628 1065 1098 1650 1843 1828 1414 1435 1850 1331 1467 1991 1013 1862 1034 1410 1737 1631 1785 1527 1357 1179 1214 1305 1839 1028 1694 1667 1003 1634 1924 1700 1520 1496 1612 1933 1377 1742 1727 1656 1682 1872 1703 1083 1066 1744 1762 1651 1774 1587 1169 1356 1633 1138 1144 1925 1478 1202 1334 1887 1004 1391 1074 1048 1188 1235 1155 1905 1689 1147 1837 1660 1868 1495 1148 1601 1013 1918 1033 1936 1602 1580 1762 1545 1526 1283 1764 1677 1805 1832 1555 1104 1424 1655 1989 1680 1761 1347 BCNSPRNW ULIB Ver.6.0+V

เปลี่ยนเป็นภาษาไทย

Change to English
 แสดงรายละเอียดบรรณานุกรม
  กลับหน้าหลัก

Brief Record : Get Marc (ISO 2709) : E-mail record : QR code < ปิดหน้าต่าง
LEADER : 00000nam 2200000uu 4500
001    13399121442
003     ULIB
008    110608s2546 th 000 j tha d
020    ^a9789749150948
040    ^acl
090    ^aรส.^bว583ฉ 2546
100 0  ^aวิทยากร เชียงกูล
245 10 ^aฉันจึงมาหาความหมาย /^cวิทยากร เชียงกูล
250    ^aพิมพ์ครั้งที่ 17
260    ^aกรุงเทพฯ :^bมูลนิธิสถาบันวิชาการ 14 ตุลา,^c2546
300    ^a155 หน้า ;^c21 ซม.
490 0  ^aหนังสือชุด''ตุลาวรรณกรรม''
500    ^aฉลองครบรอบ 30 ปี 14 ตุลา : 2516-2546 ร่วมวาระประวัติศาสตร์''''วัน 14 ตุลา ประชาธิปไตย''''
650  4 ^aเรื่องสั้น^zไทย
650  4 ^aเรื่องสั้น^xรวมเรื่อง
650  4 ^aกวีนิพนธ์ไทย
650  4 ^aกวีนิพนธ์ไทย^xรวมเรื่อง
710 2  ^aมูลนิธิสถาบันวิชาการ 14 ตุลา
945    ^p0^l0^i14350
995    ^aกัณชพร
999    ^aกัณชพร
รายการนี้ยังไม่มีแท็ก
คุณยังไม่ได้ล็อกอิน คุณสามารถมีกิจกรรมร่วมกับเว็บไซต์ได้ แต่ต้องล็อกอินก่อน ::
  ล็อกอิน

รายการสื่อสารสนเทศ

ลำดับที่ ประเภท เลขเรียก/บาร์โค้ด สถานที่ สถานะ
1. นวนิยาย
นวนิยาย
รส. ว583ฉ 2546  
  Barcode: 14350
ห้องสมุดวิทยาเขตสวรรค์ประชารักษ์
►นวนิยาย
บนชั้น
  ขอยืม

รายการใกล้เคียง
    ผู้แต่ง [วิทยากร เชียงกูล]

    หัวเรื่อง [เรื่องสั้น รวมเรื่อง]
    หัวเรื่อง [กวีนิพนธ์ไทย]

BibComment


ยังไม่เคยถูกคอมเมนท์

คอมเมนท์ทรัพยากรรายการนี้
  คอมเมนท์: ฉันจึงมาหาความหม..


 Copyright 2026. Bcnsprnw @Library